Guía práctica para el médico de orientación profesional / (Record no. 116340)

MARC details
000 -LEADER
campo de control de longitud fija 00873nam a2200217 4500
001 - NÚMERO DE CONTROL
campo de control 116340
003 - IDENTIFICADOR DE NÚMERO DE CONTROL
campo de control ES-MaACL
005 - FECHA Y HORA DE LA ÚLTIMA TRANSACCIÓN
campo de control 20230906190704.0
007 - CAMPO FIJO DE DESCRIPCIÓN FÍSICA--INFORMACIÓN GENERAL
campo de control de longitud fija t|
008 - DATOS DE LONGITUD FIJA--INFORMACIÓN GENERAL
campo de control de longitud fija 061121s1959 sp r ||||1| spa d
100 1# - ENTRADA PRINCIPAL--NOMBRE DE PERSONA
Nombre de persona Parmentter-Belcux, Mario.
9 (RLIN) 89201
245 10 - MENCIÓN DEL TÍTULO
Título Guía práctica para el médico de orientación profesional /
Mención de responsabilidad, etc. por Mario Parmentter-Belcux ; con la colaboración de G. Berneri, J. Bernfeld ; prólogo del profesor Laugier ; traducción al castellano por el Dr. José Germain , ordenación del texto a cargo del Dr. Ricardo Ibarrola.
260 ## - PUBLICACIÓN, DISTRIBUCIÓN, ETC.
Lugar de publicación, distribución, etc. Madrid :
Nombre del editor, distribuidor, etc. Biblioteca Nueva,
Fecha de publicación, distribución, etc. 1959.
300 ## - DESCRIPCIÓN FÍSICA
Extensión 308 p. ;
Dimensiones 20 cm.
700 1# - ENTRADA AGREGADA--NOMBRE PERSONAL
Nombre de persona Berneri, G.
9 (RLIN) 28315
700 1# - ENTRADA AGREGADA--NOMBRE PERSONAL
Nombre de persona Bernfeld, J.
9 (RLIN) 28319
700 1# - ENTRADA AGREGADA--NOMBRE PERSONAL
Nombre de persona Laugier.
9 (RLIN) 70597
700 1# - ENTRADA AGREGADA--NOMBRE PERSONAL
Nombre de persona Germain, José (
Fechas asociadas al nombre 1897-1986)
9 (RLIN) 170494
700 1# - ENTRADA AGREGADA--NOMBRE PERSONAL
Nombre de persona Ibarrola, Ricardo.
9 (RLIN) 64975
852 ## - LOCALIZACIÓN
Ubicación ES-MaACL
Número de control de estantería C-16292
Sublocalización o colección R.44485
Holdings
Estatus retirado Estado de pérdida Estado de daño No para préstamo Biblioteca de origen Biblioteca actual Ubicación en estantería Fecha de adquisición Fuente de adquisición Total de préstamos Signatura topográfica completa Código de barras Visto por última vez Precio de reemplazo Tipo de ítem Koha
        Biblioteca del Ateneo de Madrid Biblioteca del Ateneo de Madrid Galería 17/01/2008     C-16292 1121317 23/02/2023 23/02/2023 Libro impreso